000 00731nam a2200145Ia 4500
008 231221s9999 xx 000 0 und d
041 _aEnglish
082 _aCPEC15-1085
100 _aDhiraj Malode. Mohana Kumari, P. Mahadevan, V.
245 0 _aSimulation Of Digital Beam Former & Implementation On Xilinx Fpga
260 _c2015
500 _aSimulation Of Digital Beam Former & Implementation On Xilinx Fpga Dhiraj Malode, Mohana Kumari. P, V.Mahadevan Department of Electronics and Communication Engineering, PES Institute of Technology, Bangalore, INDIA International Radar Symposium, NIMHANS, 17-19 December 2015.
650 _aSimulation,Digital,Beam,Former,Xilinx,Fpga
942 _cIR
999 _c233610
_d233610